[Event "ch-ISR 2014"]
[Site "Beer-Sheva ISR"]
[Date "2014.06.22"]
[Round "5.8"]
[White "Givon, Asaf"]
[Black "Kantarji, Pinchas"]
[Result "0-1"]
[WhiteTitle "IM"]
[BlackTitle "FM"]
[WhiteElo "2459"]
[BlackElo "2417"]
[WhiteFideId "2801841"]
[BlackFideId "2803712"]
[EventDate "2014.06.17"]

1. e4 c6 2. d4 d5 3. Nd2 dxe4 4. Nxe4 Bf5 5. Ng3 Bg6 6. h4 h6 7. Nf3 Nd7 8. Bd3
Bxd3 9. Qxd3 Ngf6 10. Bd2 e6 11. O-O-O Be7 12. Qe2 O-O 13. Nf1 h5 14. Ne5 c5 15.
Bg5 Qc7 16. Nxd7 Qxd7 17. dxc5 Qa4 18. Kb1 Rfc8 19. Ng3 Rxc5 20. Bxf6 Bxf6 21.
Ne4 Re5 22. Nxf6+ gxf6 23. Qf3 Rc8 24. Rd2 Qb4 25. c3 Qe4+ 26. Qxe4 Rxe4 27. g3
Rec4 28. Rhd1 Kg7 29. Rd7 R8c7 30. Kc2 Kg6 31. Rxc7 Rxc7 32. Rd8 f5 33. Kd3 f6
34. Rd4 Kf7 35. c4 Ke7 36. b4 b6 37. Kc3 Rc8 38. b5 Rc5 39. Rd3 Re5 40. Re3 Rc5
41. Kb4 Rc8 42. Ra3 Rc7 43. Rd3 Rc8 44. a4 e5 45. Rd2 Ke6 46. a5 e4 47. axb6
axb6 48. Ra2 Ke5 49. Ra7 f4 50. Re7+ Kf5 51. gxf4 Rd8 52. Rc7 Rd2 53. Rc6 Rxf2
54. Rxb6 e3 55. Rb8 Rxf4 56. Kc3 Re4 0-1

[Event "ch-ISR 2014"]
[Site "Beer-Sheva ISR"]
[Date "2014.06.22"]
[Round "5.9"]
[White "Tseitlin, Mark D"]
[Black "Arlinsky, Uriel"]
[Result "0-1"]
[WhiteTitle "GM"]
[BlackTitle "FM"]
[WhiteElo "2349"]
[BlackElo "2314"]
[WhiteFideId "2800128"]
[BlackFideId "2809575"]
[EventDate "2014.06.17"]

1. e4 e5 2. Nf3 Nc6 3. Bb5 a6 4. Ba4 Nf6 5. O-O Be7 6. Re1 b5 7. Bb3 d6 8. c3
O-O 9. d4 Bg4 10. d5 Na5 11. Bc2 c6 12. h3 Bc8 13. dxc6 Qc7 14. Nbd2 Qxc6 15.
Nf1 Nc4 16. a4 Be6 17. Ng5 Bd7 18. b3 Na5 19. Bd2 Nb7 20. b4 Rab8 21. axb5 axb5
22. Bd3 Rfe8 23. Qb3 Nd8 24. Ng3 Bf8 25. c4 Qb7 26. Ra5 h6 27. Nf3 Be6 28. Nf1
bxc4 29. Bxc4 Nxe4 30. Bxe6 Nxe6 31. Rb1 Nxd2 32. N3xd2 Nd4 33. Qd3 d5 34. Ne3
Red8 35. Nf3 Nxf3+ 36. gxf3 e4 37. Qd4 exf3 38. Rxd5 Rxd5 39. Qxd5 Qxd5 40. Nxd5
Rb5 41. Nf4 g5 42. Nd3 h5 43. Re1 Rd5 44. Re3 g4 45. Kf1 Bh6 46. Re8+ Kh7 47.
Ne1 Bd2 48. hxg4 hxg4 49. Nc2 f5 50. Re6 Kg7 51. Ra6 Bxb4 52. Ne3 Re5 53. Rb6
Bd2 0-1

[Event "ch-ISR 2014"]
[Site "Beer-Sheva ISR"]
[Date "2014.06.22"]
[Round "5.10"]
[White "Zanan, Evgeny"]
[Black "Ben Artzi, Ido"]
[Result "1-0"]
[WhiteTitle "FM"]
[BlackTitle "FM"]
[WhiteElo "2257"]
[BlackElo "2359"]
[WhiteFideId "24101940"]
[BlackFideId "2810913"]
[EventDate "2014.06.17"]

1. c4 g6 2. e4 e5 3. Nc3 Bg7 4. d3 d6 5. g3 Ne7 6. Bg2 O-O 7. Nge2 Be6 8. O-O c6
9. f4 Qd7 10. Be3 Na6 11. Qd2 Nc7 12. Rad1 b5 13. b3 Bg4 14. Rde1 exf4 15. Nxf4
bxc4 16. bxc4 Ne6 17. d4 Nxf4 18. gxf4 Rab8 19. Rb1 a6 20. Bf2 Bh3 21. Bg3 Bxg2
22. Kxg2 f5 23. Rxb8 Rxb8 24. e5 Rb4 25. Nb5 Rxc4 26. Nxd6 Ra4 27. Rb1 Qe6 28.
Rb8+ Bf8 29. Rb3 Nd5 30. Rb8 Nc7 31. d5 Nxd5 32. Re8 Ne7 33. Qd3 Rxa2+ 34. Kf3
Rb2 35. Qc4 Rb3+ 36. Ke2 Qxc4+ 37. Nxc4 Nd5 38. Ra8 Rb4 39. Kd3 Rb3+ 40. Ke2 Rb4
41. Nd6 Nc7 42. Rc8 Ne6 43. Re8 Nd4+ 44. Kd3 Kg7 45. Bh4 Bxd6 46. exd6 Nb5 47.
Re7+ Kh6 48. Bg5+ Kh5 49. h3 Rb3+ 50. Kd2 Rxh3 51. Rxh7+ Kg4 52. Rxh3 Nxd6 53.
Rh4+ Kg3 54. Rh6 Ne4+ 55. Kd3 Nxg5 56. fxg5 1-0

[Event "ch-ISR 2014"]
[Site "Beer-Sheva ISR"]
[Date "2014.06.22"]
[Round "5.11"]
[White "Frenkel, Ran"]
[Black "Birnboim, Nathan"]
[Result "1/2-1/2"]
[BlackTitle "IM"]
[WhiteElo "2174"]
[BlackElo "2333"]
[WhiteFideId "2815974"]
[BlackFideId "2800209"]
[EventDate "2014.06.17"]

1. d4 Nf6 2. c4 c5 3. d5 e5 4. Nc3 d6 5. e4 Be7 6. g3 O-O 7. Bg2 Ne8 8. Nge2 g6
9. Bh6 Ng7 10. Qd2 f5 11. O-O Nd7 12. f4 Bf6 13. Rac1 Re8 14. Kh1 a6 15. a4 Rb8
16. Rce1 Qb6 17. Qd3 exf4 18. gxf4 Nf8 19. a5 Qxa5 20. Ng3 Bxc3 21. bxc3 fxe4
22. Nxe4 Bf5 23. Qg3 Nh5 24. Qf3 Qc7 25. Bh3 Bxe4 26. Rxe4 Rxe4 27. Qxe4 Nf6 28.
Qg2 Kf7 29. f5 g5 30. Qxg5 Qe7 31. Qg7+ Ke8 32. Qxe7+ Kxe7 33. Re1+ Kf7 34. Rg1
N8d7 35. Rg7+ Ke8 36. Bf4 Kf8 37. Bh6 Ke8 38. Bf4 Nh5 39. Rg8+ Ke7 40. f6+ Nhxf6
41. Rg7+ Kf8 42. Rxd7 Nxd7 43. Bxd7 Ke7 44. Ba4 b5 45. cxb5 axb5 46. Bc2 b4 47.
cxb4 Rxb4 48. Bg5+ Kf7 49. Bxh7 Rd4 50. Bc2 c4 51. h4 Rxd5 52. Kg2 Ra5 53. Kf3
Ra2 54. Be4 Ke6 55. Ke3 d5 56. Bh7 Rh2 57. Kd4 Rh1 58. Bg8+ Kf5 59. Bxd5 Rh2 60.
Bxc4 Kg4 61. Be6+ Kh5 62. Ke5 Re2+ 63. Kf6 Rf2+ 64. Kg7 Rh2 65. Bf7+ Kg4 66.
Be6+ 1/2-1/2

[Event "ch-ISR 2014"]
[Site "Beer-Sheva ISR"]
[Date "2014.06.22"]
[Round "5.12"]
[White "Reshef, Omer"]
[Black "Poleg, Matan"]
[Result "1/2-1/2"]
[WhiteElo "2266"]
[BlackElo "2125"]
[WhiteFideId "2804336"]
[BlackFideId "2811472"]
[EventDate "2014.06.17"]

1. e4 e5 2. Nf3 Nc6 3. Bc4 Bc5 4. c3 Nf6 5. d3 d6 6. O-O Bb6 7. Bb3 Ne7 8. Nbd2
c6 9. h3 Ng6 10. Re1 O-O 11. Nf1 h6 12. Ng3 d5 13. Nh2 Re8 14. Qf3 Nh4 15. Qe2
Ng6 16. Qf3 Nh4 17. Qe2 Ng6 18. Qf3 Nh4 19. Qe2 1/2-1/2

[Event "ch-ISR 2014"]
[Site "Beer-Sheva ISR"]
[Date "2014.06.22"]
[Round "5.13"]
[White "Lederer, Yoav"]
[Black "Volman, Horacio"]
[Result "1-0"]
[WhiteElo "2298"]
[BlackElo "2203"]
[WhiteFideId "2800292"]
[BlackFideId "2800853"]
[EventDate "2014.06.17"]

1. c4 c5 2. g3 Nc6 3. Bg2 g6 4. e3 Bg7 5. Ne2 d6 6. Nbc3 Bd7 7. O-O Qc8 8. d4
Bh3 9. d5 Nd8 10. Qc2 h5 11. Bxh3 Qxh3 12. Nf4 Qd7 13. Bd2 g5 14. Nd3 Nf6 15. f3
g4 16. f4 h4 17. Nf2 hxg3 18. hxg3 b6 19. Kg2 Nb7 20. Qa4 Qxa4 21. Nxa4 O-O-O
22. Nc3 e6 23. e4 exd5 24. exd5 Rde8 25. Rae1 Kd7 26. b3 Rhg8 27. Ncd1 Bh8 28.
Rxe8 Kxe8 29. Re1+ Kd7 30. Ne3 a6 31. Nf5 Re8 32. Rxe8 Nxe8 33. Nxg4 Nc7 34. Nf2
b5 35. Kf3 bxc4 36. bxc4 Na8 37. Ke4 Nb6 38. Kd3 Na4 39. Nd1 Bf6 40. g4 Bd8 41.
g5 Ba5 42. Bxa5 Nxa5 43. Nh6 Ke8 44. f5 Nb6 45. Ne3 Kf8 46. Nhg4 Nd7 47. f6 Nb6
48. Nh6 Nd7 49. Nhg4 Nb6 50. Nf2 Ke8 51. Ne4 Kd7 52. Nd2 Ke8 53. Nf5 Nb7 54. Ne4
Nc8 55. Ke3 Kf8 56. Kf4 Ke8 57. Kg4 Kf8 58. Kh5 a5 59. Kh6 a4 60. a3 Nb6 61.
Nfxd6 Na5 62. Nxc5 Nbxc4 63. Nd7+ Kg8 64. Nf5 Nb7 65. Ne7+ Kh8 66. g6 1-0

[Event "ch-ISR 2014"]
[Site "Beer-Sheva ISR"]
[Date "2014.06.22"]
[Round "5.14"]
[White "Horesh, Tal"]
[Black "Gamayev, Oleg"]
[Result "0-1"]
[WhiteElo "2139"]
[BlackElo "2166"]
[WhiteFideId "2809451"]
[BlackFideId "2802813"]
[EventDate "2014.06.17"]

1. d4 d6 2. Nf3 Nf6 3. g3 Nbd7 4. Bg2 e5 5. e3 Be7 6. O-O O-O 7. c4 c6 8. dxe5
Nxe5 9. Nxe5 dxe5 10. Nc3 Qxd1 11. Rxd1 Be6 12. b3 Rfd8 13. Bb2 Rxd1+ 14. Rxd1
Rd8 15. Rxd8+ Bxd8 16. Na4 Nd7 17. Ba3 f6 18. Bd6 Kf7 19. Nc5 Nxc5 20. Bxc5 a6
21. Kf1 h6 22. Ke2 Be7 23. Bxe7 Kxe7 24. c5 Bd5 25. Bh3 Kd8 26. Kd3 Kc7 27. e4
Bf7 28. Kc3 b6 29. Bf1 a5 30. cxb6+ Kxb6 31. a3 c5 32. Bc4 Bh5 33. a4 Kc6 34.
Kd3 Kd6 35. Ke3 Bg4 36. f3 Bc8 37. Bd5 g5 38. f4 Bg4 39. Bc4 Bh5 40. Bg8 Be8 41.
Bc4 Bd7 42. Bf7 Bc8 43. Bc4 Bb7 44. h4 exf4+ 45. gxf4 gxh4 46. Bf1 Bc8 47. Kf3
Bd7 48. Bd3 Bh3 49. Kf2 Bg4 50. Bc4 Bd1 51. Kg2 Bc2 52. Kh3 Bxe4 53. Kxh4 Bd5
54. Kh5 Bxc4 55. bxc4 Ke6 56. Kg6 h5 0-1

[Event "ch-ISR 2014"]
[Site "Beer-Sheva ISR"]
[Date "2014.06.22"]
[Round "5.15"]
[White "Axelrod, Arie"]
[Black "Eliagov, Kafar"]
[Result "1-0"]
[WhiteTitle "FM"]
[BlackTitle "FM"]
[WhiteElo "2305"]
[BlackElo "2268"]
[WhiteFideId "2804867"]
[BlackFideId "2804883"]
[EventDate "2014.06.17"]

1. e4 c5 2. Nf3 d6 3. h3 Nc6 4. Bd3 g6 5. O-O Bg7 6. Re1 e5 7. Nc3 Nge7 8. Bc4
O-O 9. d3 h6 10. a3 Kh7 11. b4 cxb4 12. axb4 Nxb4 13. Ba3 Na6 14. Nb5 Nc5 15. c3
f5 16. Nxd6 Qxd6 17. d4 Qc7 18. Bxc5 Rd8 19. exf5 Nxf5 20. Qb3 exd4 21. cxd4 Bd7
22. g4 Nd6 23. Bd3 b6 24. Ba3 Be8 25. Nh4 Bf6 26. Rxe8 Nxe8 27. Nxg6 Bxd4 28.
Ne7+ 1-0

[Event "ch-ISR 2014"]
[Site "Beer-Sheva ISR"]
[Date "2014.06.22"]
[Round "5.16"]
[White "Kraus, Yair"]
[Black "Gurbanov, Andrei"]
[Result "0-1"]
[WhiteElo "2093"]
[BlackElo "2329"]
[WhiteFideId "2804786"]
[BlackFideId "13503391"]
[EventDate "2014.06.17"]

1. e4 e5 2. Nf3 Nc6 3. Bb5 a6 4. Ba4 Nf6 5. O-O Nxe4 6. d4 b5 7. Bb3 d5 8. dxe5
Be6 9. Nbd2 Nc5 10. c3 d4 11. cxd4 Nxd4 12. Nxd4 Qxd4 13. Bxe6 Nxe6 14. Qe2 Be7
15. Nb3 Qb6 16. Be3 c5 17. f4 O-O 18. f5 Nd4 19. Qg4 Rfd8 20. f6 Bf8 21. Nxd4
cxd4 22. Bh6 Qe6 23. Qg5 Rd5 24. Rae1 g6 25. Bxf8 Kxf8 26. Qh6+ Ke8 27. Qxh7
Rad8 28. Rc1 Kd7 29. Rfd1 d3 30. Rc3 d2 31. Rc2 Qb6+ 32. Kf1 Ke6 33. Qh6 Rxe5
34. g4 Re1+ 0-1

[Event "ch-ISR 2014"]
[Site "Beer-Sheva ISR"]
[Date "2014.06.23"]
[Round "6.1"]
[White "Mikhalevski, Victor"]
[Black "Mordechai, Hanan"]
[Result "1-0"]
[WhiteTitle "GM"]
[BlackTitle "FM"]
[WhiteElo "2519"]
[BlackElo "2314"]
[WhiteFideId "2801914"]
[BlackFideId "2804166"]
[EventDate "2014.06.17"]

1. Nf3 Nf6 2. g3 g6 3. Bg2 Bg7 4. c4 c5 5. Nc3 Nc6 6. d4 cxd4 7. Nxd4 O-O 8. O-O
Qb6 9. Nc2 d6 10. b3 Be6 11. e4 Rfc8 12. Nd5 Bxd5 13. exd5 Ne5 14. Be3 Qc7 15.
Bh3 Re8 16. Nd4 h5 17. f3 a6 18. a4 Qa5 19. Qe2 Rab8 20. Rfd1 Ned7 21. Bf2 Qd8
22. a5 Ne5 23. Ne6 Qc8 24. Nxg7 Qxh3 25. Nxe8 Rxe8 26. Bd4 Ned7 27. Re1 g5 28.
Qf1 Qf5 29. Re3 h4 30. Qd3 Qh3 31. g4 1-0

[Event "ch-ISR 2014"]
[Site "Beer-Sheva ISR"]
[Date "2014.06.23"]
[Round "6.2"]
[White "Postny, Evgeny"]
[Black "Zoler, Dan"]
[Result "1/2-1/2"]
[WhiteTitle "GM"]
[BlackTitle "GM"]
[WhiteElo "2641"]
[BlackElo "2503"]
[WhiteFideId "2804344"]
[BlackFideId "2800705"]
[EventDate "2014.06.17"]

1. d4 d5 2. c4 c6 3. Nf3 Nf6 4. Nc3 dxc4 5. a4 Bf5 6. Ne5 Nbd7 7. Nxc4 Nb6 8.
Ne5 a5 9. Bg5 g6 10. e3 Bg7 11. Bd3 Be6 12. Be2 O-O 13. O-O Nfd5 14. Nd3 Nd7 15.
Rc1 Nxc3 16. Rxc3 f6 17. Bh4 Bf7 18. Qc2 Qb6 19. Rb1 Qa7 20. Nc5 Nxc5 21. Rxc5
Rfd8 22. Bc4 Qb6 23. b4 axb4 24. Bxf7+ Kxf7 25. Rc4 Rd7 26. Rcxb4 Qa5 27. h3 Ra7
28. Bg3 Bf8 29. Bb8 Ra8 30. Rxb7 Rxb7 31. Rxb7 Qxa4 32. Qxa4 Rxa4 33. g4 Ra5 34.
Rc7 h5 35. Rxc6 hxg4 36. hxg4 Rg5 37. f3 Rb5 38. Bg3 Rb3 39. Kf2 Rb2+ 40. Kf1
Bh6 41. Bf2 Bg7 42. e4 Bh6 43. d5 Rb1+ 44. Kg2 Rb2 45. Kg3 Bf4+ 46. Kxf4 Rxf2
47. Rc7 Kf8 48. g5 fxg5+ 49. Kxg5 Rxf3 50. e5 Ke8 51. Kxg6 Kd8 52. Ra7 e6 53.
Ra8+ Kd7 54. Ra7+ Kd8 55. Rf7 Rg3+ 56. Kf6 exd5 57. Rf8+ Kc7 58. e6 Rf3+ 59. Kg7
Re3 60. Kf7 Kd6 61. Rd8+ Kc5 62. e7 d4 63. Rc8+ Kb4 64. Rc6 d3 65. Re6 Rxe6 66.
Kxe6 d2 67. e8=Q d1=Q 1/2-1/2

[Event "ch-ISR 2014"]
[Site "Beer-Sheva ISR"]
[Date "2014.06.23"]
[Round "6.3"]
[White "Huzman, Alexander"]
[Black "Smirin, Ilia"]
[Result "1-0"]
[WhiteTitle "GM"]
[BlackTitle "GM"]
[WhiteElo "2573"]
[BlackElo "2660"]
[WhiteFideId "2803828"]
[BlackFideId "2801990"]
[EventDate "2014.06.17"]

1. d4 Nf6 2. c4 g6 3. Nc3 Bg7 4. e4 d6 5. Nf3 O-O 6. Be2 e5 7. Be3 h6 8. O-O Ng4
9. Bc1 Nc6 10. d5 Ne7 11. Nd2 f5 12. Bxg4 fxg4 13. b4 a5 14. bxa5 Rxa5 15. Nb3
Ra6 16. c5 Bd7 17. a4 Kh7 18. Be3 Ng8 19. cxd6 cxd6 20. Nd2 Nf6 21. Qb3 Bc8 22.
Nc4 Nh5 23. Nb5 Nf4 24. Qc2 Bf6 25. a5 Bd7 26. Nbxd6 Be7 27. Nxb7 Qc7 28. Rab1
Rc8 29. Rfc1 Nxd5 30. exd5 Bf5 31. Qb2 Bxb1 32. d6 1-0

[Event "ch-ISR 2014"]
[Site "Beer-Sheva ISR"]
[Date "2014.06.23"]
[Round "6.4"]
[White "Kantarji, Pinchas"]
[Black "Roiz, Michael"]
[Result "0-1"]
[WhiteTitle "FM"]
[BlackTitle "GM"]
[WhiteElo "2417"]
[BlackElo "2589"]
[WhiteFideId "2803712"]
[BlackFideId "2804158"]
[EventDate "2014.06.17"]

1. d4 Nf6 2. Nf3 g6 3. Bg5 Bg7 4. Nbd2 O-O 5. e3 d6 6. Be2 Nbd7 7. O-O h6 8. Bh4
b6 9. c3 Bb7 10. h3 c5 11. Bg3 a6 12. Qc2 Rc8 13. Rad1 cxd4 14. exd4 b5 15. a3
Re8 16. Rfe1 Qc7 17. Bd3 Bd5 18. Bh4 Qb7 19. Bxf6 Nxf6 20. Re3 Bc6 21. Re2 a5
22. Qb3 e6 23. Rde1 Qd7 24. Qd1 Rb8 25. Ne4 Nh5 26. Re3 Nf4 27. Bf1 Nd5 28. R3e2
Qc7 29. g3 Nb6 30. Rc2 Rbd8 31. Bg2 e5 32. dxe5 dxe5 33. Rd2 Nc4 34. Rxd8 Rxd8
35. Qc1 Qb7 36. Nh4 a4 37. g4 Qe7 38. Nf3 Qb7 39. Nh4 Qa8 40. Kh1 Rd3 41. Kh2
Qd8 42. Nf3 f5 43. gxf5 gxf5 44. Nc5 Rxf3 45. Bxf3 Bxf3 46. Rg1 Qd6 47. Rg3 e4
48. Nb7 Qc7 49. Kg1 Kh7 0-1

[Event "ch-ISR 2014"]
[Site "Beer-Sheva ISR"]
[Date "2014.06.23"]
[Round "6.5"]
[White "Baron, Tal"]
[Black "Golod, Vitali"]
[Result "1/2-1/2"]
[WhiteTitle "GM"]
[BlackTitle "GM"]
[WhiteElo "2515"]
[BlackElo "2559"]
[WhiteFideId "2809958"]
[BlackFideId "2804140"]
[EventDate "2014.06.17"]

1. e4 c5 2. Nf3 e6 3. d4 cxd4 4. Nxd4 a6 5. c4 Nf6 6. Nc3 Qc7 7. Be2 Bb4 8. O-O
Bxc3 9. bxc3 Nxe4 10. Bf3 Nc5 11. Nb3 O-O 12. Nxc5 Qxc5 13. Qb3 d6 14. Ba3 Qc7
15. Rfd1 Rd8 16. Rab1 Nc6 17. Qb6 Qxb6 18. Rxb6 d5 19. cxd5 exd5 20. Rxd5 Be6
21. Rd6 Bxa2 22. Rxb7 Ne5 23. Be2 Bc4 24. Rxd8+ Rxd8 25. Be7 Re8 26. f4 Bd5 27.
Rb2 Nc4 28. Rb4 h5 1/2-1/2

[Event "ch-ISR 2014"]
[Site "Beer-Sheva ISR"]
[Date "2014.06.23"]
[Round "6.6"]
[White "Arlinsky, Uriel"]
[Black "Bakalchuk, Johnatan"]
[Result "0-1"]
[WhiteTitle "FM"]
[WhiteElo "2314"]
[BlackElo "2244"]
[WhiteFideId "2809575"]
[BlackFideId "2810301"]
[EventDate "2014.06.17"]

1. d4 Nf6 2. Nf3 g6 3. c4 Bg7 4. Nc3 O-O 5. Bg5 d6 6. e3 h6 7. Bh4 g5 8. Bg3 Nh5
9. Qc2 f5 10. O-O-O Qe8 11. c5 Qf7 12. Nd2 dxc5 13. Bc4 e6 14. dxc5 Nxg3 15.
hxg3 Nd7 16. f4 gxf4 17. gxf4 Nxc5 18. g4 Bd7 19. Rdg1 a6 20. Nf3 b5 21. Ne5 Qe8
22. g5 Bxe5 23. fxe5 bxc4 24. gxh6+ Kh8 25. h7 Bc6 26. e4 Nd3+ 27. Kb1 Nxe5 28.
Nb5 Bxe4 0-1

[Event "ch-ISR 2014"]
[Site "Beer-Sheva ISR"]
[Date "2014.06.23"]
[Round "6.7"]
[White "Gamayev, Oleg"]
[Black "Givon, Asaf"]
[Result "0-1"]
[BlackTitle "IM"]
[WhiteElo "2166"]
[BlackElo "2459"]
[WhiteFideId "2802813"]
[BlackFideId "2801841"]
[EventDate "2014.06.17"]

1. d3 c5 2. e4 Nc6 3. Nf3 g6 4. Be2 Bg7 5. c3 d5 6. a4 Nf6 7. exd5 Nxd5 8. O-O
O-O 9. Re1 b6 10. Bf1 Bb7 11. Nbd2 Qc7 12. Nb3 Rad8 13. Qc2 a5 14. Nbd2 h6 15.
Nc4 g5 16. Nfd2 e6 17. Qb3 Nce7 18. Ne4 Ba8 19. Bd2 Rb8 20. Rad1 Rfd8 21. Qc2
Bc6 22. Ra1 Ng6 23. Bc1 Qe7 24. Ng3 Bh8 25. Nf5 Qf8 26. Ng3 Ndf4 27. Ne4 f5 28.
Ng3 Qf7 29. f3 Kh7 30. Nh1 Nh4 31. Be3 Nh3+ 32. gxh3 Nxf3+ 33. Kf2 Nxe1 34. Rxe1
Bxh1 35. Kg1 Ba8 36. Re2 e5 37. Rf2 Qg6 38. Qe2 e4 39. dxe4 Bxe4 40. Bc1 Re8 41.
Nd2 Bc6 42. Qc4 Rbd8 43. Be2 f4 44. Qb3 Bb7 45. Qd1 Bg7 46. Qf1 Kh8 47. Qd1 Re7
48. Qb3 Rde8 49. Bb5 Re1+ 50. Rf1 Rxf1+ 51. Kxf1 Re7 52. Qd1 Qe6 53. Nf3 Qxh3+
54. Kf2 g4 55. Qd8+ Kh7 56. Qxe7 Qxf3+ 57. Ke1 Qh1+ 58. Kd2 Qxh2+ 59. Kd3 Qh3+
60. Kc2 Qg2+ 61. Bd2 Be4+ 62. Kb3 Bd5+ 63. Kc2 c4 64. Kc1 Be4 65. Kd1 Qf1+ 66.
Be1 Qf3+ 67. Kc1 Qe3+ 68. Kd1 Bf3+ 0-1

[Event "ch-ISR 2014"]
[Site "Beer-Sheva ISR"]
[Date "2014.06.23"]
[Round "6.8"]
[White "Nakar, Eylon"]
[Black "Rinberg, Alexander"]
[Result "1-0"]
[WhiteTitle "IM"]
[BlackTitle "FM"]
[WhiteElo "2442"]
[BlackElo "2321"]
[WhiteFideId "2811111"]
[BlackFideId "14102510"]
[EventDate "2014.06.17"]

1. e4 c5 2. Nf3 d6 3. d4 cxd4 4. Nxd4 Nf6 5. Nc3 a6 6. Be2 e6 7. O-O Be7 8. f4
Qc7 9. Kh1 O-O 10. Qe1 Nc6 11. Be3 Bd7 12. Qg3 Nxd4 13. Bxd4 Bc6 14. Rae1 g6 15.
f5 Rae8 16. fxe6 fxe6 17. Bc4 Bd8 18. Qh3 Bd7 19. Bb3 b5 20. Be5 Qb7 21. Bxd6
Rf7 22. Rf3 b4 23. Na4 Nxe4 24. Rxf7 Ng5 25. Rxd7 Qxd7 26. Qd3 a5 27. Bc4 Qb7
28. Bb5 Nh3 29. Rf1 Qb6 30. gxh3 1-0

[Event "ch-ISR 2014"]
[Site "Beer-Sheva ISR"]
[Date "2014.06.23"]
[Round "6.9"]
[White "Kantsler, Boris"]
[Black "Zanan, Evgeny"]
[Result "1/2-1/2"]
[WhiteTitle "GM"]
[BlackTitle "FM"]
[WhiteElo "2420"]
[BlackElo "2257"]
[WhiteFideId "2805359"]
[BlackFideId "24101940"]
[EventDate "2014.06.17"]

1. Nf3 Nf6 2. c4 g6 3. Nc3 d5 4. cxd5 Nxd5 5. Qb3 Nb6 6. d4 Bg7 7. e4 Bg4 8.
Bb5+ c6 9. Ng5 O-O 10. Be2 Bxe2 11. Nxe2 Na6 12. O-O c5 13. Qh3 h6 14. Nf3 Qd7
15. Qh4 h5 16. e5 Nd5 17. h3 Qf5 18. dxc5 Bxe5 19. Ned4 Bxd4 20. Nxd4 Qd7 21.
Nb3 Rfc8 22. Qd4 Nf6 23. Qe5 Nb4 24. Qe2 a5 25. Bd2 Nc6 26. Rad1 a4 27. Na5 Nxa5
28. Bxa5 Qc6 29. Qxe7 Re8 30. Qc7 Nd5 31. Qxc6 bxc6 32. Bd2 Rab8 33. Bc1 Re4 34.
Rfe1 1/2-1/2

[Event "ch-ISR 2014"]
[Site "Beer-Sheva ISR"]
[Date "2014.06.23"]
[Round "6.10"]
[White "Steinberg, Nitzan"]
[Black "Tseitlin, Mark D"]
[Result "1-0"]
[WhiteTitle "IM"]
[BlackTitle "GM"]
[WhiteElo "2416"]
[BlackElo "2349"]
[WhiteFideId "2801795"]
[BlackFideId "2800128"]
[EventDate "2014.06.17"]

1. e4 c5 2. Nf3 d6 3. d4 cxd4 4. Nxd4 Nf6 5. Nc3 a6 6. Be3 e5 7. Nb3 Be6 8. h3
Nc6 9. Qf3 Rc8 10. O-O-O Nb4 11. Kb1 Qc7 12. a3 Nxc2 13. Kxc2 Qc6 14. Nd2 d5 15.
exd5 Nxd5 16. Qe4 Bxa3 17. Bc4 O-O 18. bxa3 b5 19. Qxe5 Nxe3+ 20. Qxe3 Bxc4 21.
Nde4 a5 22. Rd6 Qe8 23. Rb6 Rc6 24. Re1 Rxb6 25. Qxb6 Kh8 26. Re3 Qa8 27. Qd4
Be6 28. Nxb5 Qc6+ 29. Qc5 Qa8 30. Nc7 Qb8 31. Nd6 Bd7 32. Re4 a4 33. Qc4 Kg8 34.
Re7 Be6 35. Nxe6 Qxd6 36. Rxf7 Kxf7 37. Nxf8+ Kxf8 38. Qb4 1-0

[Event "ch-ISR 2014"]
[Site "Beer-Sheva ISR"]
[Date "2014.06.23"]
[Round "6.11"]
[White "Birnboim, Nathan"]
[Black "Lederer, Yoav"]
[Result "0-1"]
[WhiteTitle "IM"]
[WhiteElo "2333"]
[BlackElo "2298"]
[WhiteFideId "2800209"]
[BlackFideId "2800292"]
[EventDate "2014.06.17"]

1. d4 Nf6 2. c4 e6 3. g3 Bb4+ 4. Bd2 Qe7 5. Bg2 Nc6 6. Nf3 Bxd2+ 7. Nbxd2 O-O 8.
O-O d6 9. e4 e5 10. d5 Nb8 11. Ne1 a5 12. b3 Na6 13. a3 c6 14. Nd3 cxd5 15. cxd5
Bg4 16. f3 Bd7 17. Nc4 Bb5 18. Ndb2 Qc7 19. Rc1 Bxc4 20. Rxc4 Qb6+ 21. Kh1 Nd7
22. Rc3 Ndc5 23. Qc2 Rae8 24. f4 f6 25. Nc4 Qd8 26. Nd2 Re7 27. Qb1 Nc7 28. b4
axb4 29. axb4 N5a6 30. Bh3 Nb5 31. Rc8 Qb6 32. Be6+ Rxe6 33. Rxf8+ Kxf8 34. dxe6
Nd4 35. f5 Qb5 36. Qc2 Nxc2 0-1

[Event "ch-ISR 2014"]
[Site "Beer-Sheva ISR"]
[Date "2014.06.23"]
[Round "6.12"]
[White "Gurbanov, Andrei"]
[Black "Frenkel, Ran"]
[Result "1-0"]
[WhiteElo "2329"]
[BlackElo "2174"]
[WhiteFideId "13503391"]
[BlackFideId "2815974"]
[EventDate "2014.06.17"]

1. d4 Nf6 2. c4 g6 3. Nc3 Bg7 4. e4 d6 5. Bd3 e5 6. d5 O-O 7. Nge2 c6 8. O-O
cxd5 9. cxd5 Nbd7 10. f3 Ne8 11. Be3 f5 12. exf5 gxf5 13. f4 Ndf6 14. h3 Nh5 15.
Rc1 Qe7 16. Qd2 Bd7 17. b4 b6 18. Ba6 Nef6 19. fxe5 dxe5 20. d6 Qf7 21. Bg5 Qg6
22. Nd5 Nxd5 23. Qxd5+ Be6 24. Qxe6+ Qxe6 25. Bc4 Qxc4 26. Rxc4 f4 27. Be7 Rfe8
28. d7 Reb8 29. Rfc1 Kf7 30. Rc8 Rxc8 31. Rxc8 1-0

[Event "ch-ISR 2014"]
[Site "Beer-Sheva ISR"]
[Date "2014.06.23"]
[Round "6.13"]
[White "Axelrod, Arie"]
[Black "Reshef, Omer"]
[Result "1/2-1/2"]
[WhiteTitle "FM"]
[WhiteElo "2305"]
[BlackElo "2266"]
[WhiteFideId "2804867"]
[BlackFideId "2804336"]
[EventDate "2014.06.17"]

1. e4 c5 2. Nf3 d6 3. d4 cxd4 4. Nxd4 Nf6 5. Nc3 g6 6. Be3 Bg7 7. Be2 O-O 8. g4
Nc6 9. g5 Ng4 10. Bxg4 Bxg4 11. Qxg4 Nxd4 12. O-O-O Nc6 13. h4 Bxc3 14. bxc3 Qa5
15. h5 Qxa2 16. Qh3 Qe6 17. hxg6 Qxh3 18. gxf7+ Rxf7 19. Rxh3 Ne5 20. Rdh1 Ng6
21. f4 Nxf4 22. Bxf4 Rxf4 23. Rxh7 Raf8 24. Rxe7 R8f7 25. Re6 Rc7 26. Kb2 Rc6
27. g6 Rb6+ 28. Kc1 Rg4 29. Rd1 Kg7 30. Rexd6 Rxd6 31. Rxd6 Rxe4 32. Rd7+ Kxg6
33. Rxb7 Ra4 34. Re7 Kf6 35. Re3 Ra5 36. Kb2 Re5 37. Rd3 Rb5+ 38. Ka3 Ke6 39. c4
Rb1 40. Rb3 Rc1 41. Kb2 Rh1 42. Rd3 Rh8 43. Kc3 a5 44. c5 Rb8 45. Kd4 Kd7 46.
Kd5 Kc7 47. Rh3 Rd8+ 48. Kc4 Rd2 49. c3 Rd1 50. Rh7+ Kc6 51. Ra7 Ra1 52. Ra6+
Kc7 53. Rh6 Rb1 54. Ra6 Ra1 55. Rb6 Rc1 56. Rb3 Kc6 57. Ra3 Rh1 58. Rxa5 Rh4+
59. Kb3 Rg4 60. Ra8 Kxc5 61. Rc8+ Kb6 62. Rh8 Rf4 63. c4 Rf1 64. Rh6+ Kc5 65.
Rh5+ Kc6 66. Rh6+ 1/2-1/2